[Event "OPEN A - XVII MIEDZYNARODOWY FESTIWAL SZ"]
[Site "Rewal"]
[Date "2012.??.??"]
[Round "8.23"]
[White "Lewtak, Dominik"]
[Black "Kamieniecki, Tomasz"]
[Result "1/2-1/2"]
[WhiteElo "1776"]
[BlackElo "1992"]
[PlyCount "63"]
[EventDate "2012.??.??"]

1. e4 Nf6 2. e5 Nd5 3. c4 Nb6 4. d4 d6 5. exd6 exd6 6. Nc3 Be7 7. Bd3 Nc6 8.
Nge2 Bf6 9. Be3 Bg4 10. Qd2 O-O 11. O-O Re8 12. Ne4 Bxe2 13. Nxf6+ Qxf6 14.
Bxe2 d5 15. c5 Nd7 16. b4 a6 17. a4 h6 18. b5 axb5 19. axb5 Ne7 20. Rxa8 Rxa8
21. Bg4 Nf8 22. Bf4 c6 23. b6 Nfg6 24. Bc7 Nf5 25. Rd1 Ra4 26. Bxf5 Qxf5 27.
Qe3 Qe6 28. h3 Nf8 29. Qc3 Qc8 30. Ra1 Qa8 31. Rxa4 Qxa4 32. Qe3 1/2-1/2

[Event "OPEN A - XVII MIEDZYNARODOWY FESTIWAL SZ"]
[Site "Rewal"]
[Date "2012.??.??"]
[Round "8.24"]
[White "Andrzejewska, Anna"]
[Black "Popiol, Michal"]
[Result "1/2-1/2"]
[WhiteElo "1990"]
[BlackElo "1870"]
[PlyCount "27"]
[EventDate "2012.??.??"]

1. e4 e6 2. d4 d5 3. Nc3 Nf6 4. e5 Nfd7 5. f4 c5 6. Nf3 Nc6 7. Be3 Qb6 8. Na4
Qa5+ 9. c3 cxd4 10. b4 Nxb4 11. cxb4 Bxb4+ 12. Bd2 Bxd2+ 13. Nxd2 b5 14. Nb2
1/2-1/2

[Event "OPEN A - XVII MIEDZYNARODOWY FESTIWAL SZ"]
[Site "Rewal"]
[Date "2012.??.??"]
[Round "8.25"]
[White "Czajkowski, Adam"]
[Black "Bes, Michal"]
[Result "1-0"]
[WhiteElo "1911"]
[BlackElo "1977"]
[PlyCount "57"]
[EventDate "2012.??.??"]

1. e4 e5 2. Nf3 Nf6 3. Nxe5 Nxe4 4. Qe2 Qe7 5. Qxe4 d6 6. f4 dxe5 7. fxe5 Nc6
8. d4 f6 9. Bc4 fxe5 10. O-O exd4 11. Bf7+ Kd7 12. Qg4+ Kd6 13. Qf4+ Kc5 14. c3
Kb6 15. cxd4 a5 16. Be3 Ka6 17. Rc1 Be6 18. Qf1+ Ka7 19. d5+ Kb8 20. Bxe6 Nb4
21. Bf4 Na6 22. Nc3 g5 23. Bg3 Bg7 24. Nb5 Rf8 25. Qc4 Bxb2 26. d6 Qg7 27.
dxc7+ Nxc7 28. Qxc7+ Qxc7 29. Bxc7# 1-0

[Event "OPEN A - XVII MIEDZYNARODOWY FESTIWAL SZ"]
[Site "Rewal"]
[Date "2012.??.??"]
[Round "8.26"]
[White "Zakrzewski, Marek"]
[Black "Grabarczyk, Sylwester Piotr"]
[Result "1/2-1/2"]
[WhiteElo "2121"]
[BlackElo "1743"]
[PlyCount "151"]
[EventDate "2012.??.??"]

1. e4 e5 2. Nc3 Nf6 3. f4 d5 4. fxe5 Nxe4 5. d3 Nxc3 6. bxc3 Be7 7. Nf3 O-O 8.
d4 c5 9. Be2 Nc6 10. O-O Be6 11. Be3 c4 12. Qe1 f5 13. exf6 Bxf6 14. Qg3 Qe7
15. Bf4 Rad8 16. a4 Rfe8 17. Rfe1 Rd7 18. Ng5 Nd8 19. Bf3 Bxg5 20. Bxg5 Qf7 21.
Re2 Bf5 22. Rae1 Ne6 23. Qe5 h6 24. Bc1 Nc7 25. Qg3 Rxe2 26. Rxe2 Kh7 27. Bf4
Ne6 28. Bb8 Ng5 29. Bg4 Ne4 30. Bxf5+ Qxf5 31. Qf3 Qxf3 32. gxf3 Nxc3 33. Re3
Nxa4 34. Bxa7 b5 35. Bb8 b4 36. Bf4 Nc3 37. Re1 Nb5 38. Be5 Na3 39. Re2 b3 40.
cxb3 cxb3 41. Bf4 Nc2 42. Bc1 Nxd4 43. Re3 Rb7 44. Bb2 Nc2 45. Rd3 d4 46. Kf2
Kg6 47. Ke2 Kf5 48. Rd1 g5 49. Kd3 Kf4 50. Rf1 Ne3 51. Rb1 Kxf3 52. Bxd4 Nd5
53. Kc4 Ne3+ 54. Kd3 Ng4 55. Rb2 h5 56. Rd2 Nh6 57. Rb2 Nf5 58. Be5 Ne3 59. Bd4
Nd1 60. Rb1 Nf2+ 61. Kc4 Ng4 62. Rb2 Ne3+ 63. Kd3 Nc2 64. Be5 g4 65. Bg3 Kg2
66. Kc3 h4 67. Bxh4 Kxh2 68. Rxb3 Rxb3+ 69. Kxb3 Nd4+ 70. Kc4 Kh3 71. Bf2 Nf5
72. Kd3 Kg2 73. Ke2 Ng3+ 74. Ke3 Nf1+ 75. Kf4 Nh2 76. Bg3 1/2-1/2

[Event "OPEN A - XVII MIEDZYNARODOWY FESTIWAL SZ"]
[Site "Rewal"]
[Date "2012.??.??"]
[Round "8.27"]
[White "Cyboran, Katarzyna"]
[Black "Malinowski, Damian"]
[Result "1/2-1/2"]
[WhiteElo "1773"]
[BlackElo "1827"]
[PlyCount "25"]
[EventDate "2012.??.??"]

1. e4 c6 2. d4 d5 3. Nc3 dxe4 4. Nxe4 Bf5 5. Ng3 Bg6 6. h4 h6 7. h5 Bh7 8. Nf3
Nd7 9. Bd3 Bxd3 10. Qxd3 e6 11. Bf4 Qa5+ 12. Bd2 Bb4 13. c3 1/2-1/2

[Event "OPEN A - XVII MIEDZYNARODOWY FESTIWAL SZ"]
[Site "Rewal"]
[Date "2012.??.??"]
[Round "9.1"]
[White "Sieciechowicz, Marcin"]
[Black "Weichhold, Pawel"]
[Result "1/2-1/2"]
[WhiteElo "2441"]
[BlackElo "2365"]
[PlyCount "110"]
[EventDate "2012.??.??"]

1. d4 Nf6 2. c4 e6 3. Nf3 Bb4+ 4. Bd2 c5 5. Bxb4 cxb4 6. g3 O-O 7. Bg2 d6 8.
O-O a5 9. a3 Na6 10. Nbd2 Qe7 11. e4 e5 12. Qe2 b6 13. Rfc1 Re8 14. Qe3 Bb7 15.
axb4 axb4 16. Nh4 exd4 17. Qxd4 Qe5 18. Nf5 Qxd4 19. Nxd4 Nc5 20. Nb5 Rad8 21.
f3 g5 22. g4 h5 23. h3 hxg4 24. hxg4 Kf8 25. Rd1 Ra8 26. Nxd6 Rxa1 27. Rxa1 Rd8
28. e5 Nfd7 29. Nxb7 Nxb7 30. f4 Nbc5 31. fxg5 Nxe5 32. Bd5 Nxc4 33. Nxc4 Rxd5
34. Nxb6 Rxg5 35. Ra5 Rxg4+ 36. Kf2 Nd3+ 37. Kf3 Rh4 38. Rb5 Rh3+ 39. Kg4 Rh2
40. Na4 Kg7 41. Kg3 Re2 42. Kf3 Re8 43. Rd5 Ne1+ 44. Kf2 Kg6 45. Nc5 f5 46. Rd4
Nc2 47. Rc4 Rh8 48. Kg3 b3 49. Nxb3 Ne3 50. Rb4 Kg5 51. Nd2 Rg8 52. Nf3+ Kf6+
53. Kf2 Nd5 54. Rb5 Ke6 55. Nd4+ Ke5 1/2-1/2

[Event "OPEN A - XVII MIEDZYNARODOWY FESTIWAL SZ"]
[Site "Rewal"]
[Date "2012.??.??"]
[Round "9.2"]
[White "Scibior, Adam"]
[Black "Cyborowski, Lukasz"]
[Result "1/2-1/2"]
[WhiteElo "2202"]
[BlackElo "2546"]
[PlyCount "44"]
[EventDate "2012.??.??"]

1. Nf3 c5 2. c4 g6 3. d4 Bg7 4. e4 Qa5+ 5. Bd2 Qb6 6. Bc3 cxd4 7. Bxd4 Bxd4 8.
Qxd4 Qxd4 9. Nxd4 d6 10. Nc3 Nf6 11. g3 Bd7 12. Nd5 Na6 13. Nxf6+ exf6 14. Bg2
Nc5 15. O-O Ke7 16. Rfd1 a5 17. b3 Rab8 18. Rd2 Rhd8 19. Rad1 Rbc8 20. h4 h5
21. Kh2 Bc6 22. Bh3 Rb8 1/2-1/2

[Event "OPEN A - XVII MIEDZYNARODOWY FESTIWAL SZ"]
[Site "Rewal"]
[Date "2012.??.??"]
[Round "9.3"]
[White "Malaniuk, Vladimir P"]
[Black "Klim, Kamil"]
[Result "1-0"]
[WhiteElo "2523"]
[BlackElo "2357"]
[PlyCount "65"]
[EventDate "2012.??.??"]

1. d4 Nf6 2. c4 e6 3. Nc3 d5 4. cxd5 exd5 5. Bg5 Bb4 6. e3 h6 7. Bh4 c5 8. dxc5
Nc6 9. Rc1 g5 10. Bg3 Qa5 11. Bd3 Bg4 12. Nge2 Bxc3+ 13. Rxc3 d4 14. exd4 Nd5
15. Qd2 Bxe2 16. Bxe2 Nxc3 17. bxc3 O-O 18. O-O Rfe8 19. Bc4 Re4 20. Qc2 Rae8
21. f3 R4e6 22. Bxe6 Rxe6 23. Bf2 Qd8 24. Rd1 Qe8 25. Kf1 Na5 26. c4 Qd7 27. d5
Rf6 28. h3 h5 29. Rd4 Qc7 30. Kg1 Rg6 31. Re4 Qd7 32. Qe2 f5 33. Re7 1-0

[Event "OPEN A - XVII MIEDZYNARODOWY FESTIWAL SZ"]
[Site "Rewal"]
[Date "2012.??.??"]
[Round "9.4"]
[White "Kasparov, Sergey"]
[Black "Klepaczka, Tomasz"]
[Result "0-1"]
[WhiteElo "2490"]
[BlackElo "2199"]
[PlyCount "92"]
[EventDate "2012.??.??"]

1. Nf3 Nf6 2. c4 g6 3. b4 Bg7 4. Bb2 O-O 5. e3 d6 6. Be2 e5 7. d4 e4 8. Nfd2
Qe7 9. Nc3 Nbd7 10. Qc2 Re8 11. a4 Nf8 12. h3 h5 13. b5 Bf5 14. a5 Ne6 15. Qd1
h4 16. a6 b6 17. Na2 d5 18. Qb3 Rad8 19. Nb4 Qd7 20. Nc6 Ra8 21. cxd5 Nxd5 22.
Nc4 f6 23. Nd2 Kh7 24. Ba3 Bh6 25. Nf1 Nd8 26. Nh2 Be6 27. Ng4 Bg7 28. Qc2 Nxc6
29. bxc6 Qd8 30. Bc4 f5 31. Ne5 Qg5 32. Qb3 Rad8 33. O-O-O f4 34. Nd7 fxe3 35.
fxe3 Nxe3 36. Bxe6 Nxd1+ 37. Kxd1 Bh6 38. Kc2 Qxg2+ 39. Kb1 Qxh1+ 40. Ka2 Qg2+
41. Bb2 Bc1 42. d5 Qxb2+ 43. Qxb2 Bxb2 44. Kxb2 Kg7 45. Bg4 e3 46. d6 e2 0-1

[Event "OPEN A - XVII MIEDZYNARODOWY FESTIWAL SZ"]
[Site "Rewal"]
[Date "2012.??.??"]
[Round "9.5"]
[White "Warakomski, Tomasz"]
[Black "Banasik, Krzysztof"]
[Result "1-0"]
[WhiteElo "2491"]
[BlackElo "2269"]
[PlyCount "63"]
[EventDate "2012.??.??"]

1. e4 e6 2. d3 c5 3. Nf3 Nc6 4. g3 d5 5. Nbd2 Bd6 6. Bg2 Nge7 7. O-O f5 8. exd5
exd5 9. d4 c4 10. Re1 O-O 11. b3 cxb3 12. axb3 f4 13. Ba3 Bxa3 14. Rxa3 Qd6 15.
Ra1 Bg4 16. Qc1 Rac8 17. Qa3 Qf6 18. c3 Rcd8 19. Re2 h5 20. Rae1 Rf7 21. h3 Bf5
22. Ne5 Rff8 23. Qc5 b6 24. Qb5 Nxe5 25. Rxe5 fxg3 26. fxg3 Ng6 27. Rxd5 Bd3
28. Qxd3 Qf2+ 29. Kh2 Qxe1 30. Qxg6 Rde8 31. Rg5 Rf7 32. Ne4 1-0

[Event "OPEN A - XVII MIEDZYNARODOWY FESTIWAL SZ"]
[Site "Rewal"]
[Date "2012.??.??"]
[Round "9.6"]
[White "Klekowski, Maciej"]
[Black "Adamowicz, Maciej"]
[Result "1/2-1/2"]
[WhiteElo "2314"]
[BlackElo "1969"]
[PlyCount "160"]
[EventDate "2012.??.??"]

1. c4 c5 2. Nc3 Nc6 3. g3 g6 4. Bg2 Bg7 5. d3 e5 6. e3 Nge7 7. Nge2 O-O 8. Rb1
d6 9. a3 a5 10. O-O f5 11. f4 Rb8 12. fxe5 dxe5 13. e4 Be6 14. Be3 Nd4 15. b4
b6 16. Qd2 Qd6 17. Bxd4 cxd4 18. Nb5 Qd8 19. bxa5 bxa5 20. c5 fxe4 21. dxe4
Rxf1+ 22. Bxf1 Nc6 23. Nc1 Qf8 24. Nd3 Bh6 25. Qd1 Be3+ 26. Kg2 Ba2 27. Rb2 Bc4
28. Qc2 Be6 29. Be2 Qh6 30. h4 g5 31. Nc7 Rxb2 32. Qxb2 gxh4 33. Nxe6 Qg6 34.
g4 Qxe6 35. Bd1 Kh8 36. Qb7 Qf6 37. Qc8+ Kg7 38. Be2 Ne7 39. Qc7 Bd2 40. Kh3
Bf4 41. Qxa5 Qc6 42. Qd8 Qxe4 43. Qxe7+ Kg8 44. g5 Qe3+ 45. Kg4 Qxe2+ 46. Kxh4
Qh2+ 47. Kg4 Qg3+ 48. Kf5 Qxd3+ 49. Kg4 Qd1+ 50. Kf5 Qc2+ 51. Kg4 Qg6 52. Qd8+
Kg7 53. Qd7+ Kf8 54. Qd8+ Qe8 55. Qf6+ Kg8 56. Qd6 Qc8+ 57. Kh4 Qf8 58. Qd5+
Qf7 59. Qd8+ Qf8 60. Qd5+ Kh8 61. c6 Qe7 62. Kg4 Qxg5+ 63. Kf3 Qg3+ 64. Ke2
Qh2+ 65. Kd3 Qd2+ 66. Kc4 Qa2+ 67. Kc5 Qxa3+ 68. Kb5 Qd3+ 69. Kb6 e4 70. Qd8+
Kg7 71. Qd7+ Kf6 72. Qxh7 Qb3+ 73. Kc5 Qc3+ 74. Kd5 e3 75. Qh4+ Kf5 76. Qh5+
Bg5 77. Qf3+ Kg6 78. Qe4+ Kh6 79. Qe6+ Kh5 80. Qh3+ Kg6 1/2-1/2

[Event "OPEN A - XVII MIEDZYNARODOWY FESTIWAL SZ"]
[Site "Rewal"]
[Date "2012.??.??"]
[Round "9.7"]
[White "Musialkiewicz, Jan"]
[Black "Budrewicz, Krzysztof"]
[Result "1/2-1/2"]
[WhiteElo "2231"]
[BlackElo "2211"]
[PlyCount "30"]
[EventDate "2012.??.??"]

1. e4 d5 2. exd5 Nf6 3. d4 Nxd5 4. c4 Nb6 5. Nf3 g6 6. Nc3 Bg7 7. c5 Nd5 8. Bc4
c6 9. Qb3 O-O 10. O-O Nxc3 11. bxc3 b5 12. cxb6 axb6 13. Re1 Ba6 14. Bxa6 Rxa6
15. Bg5 Re8 1/2-1/2

[Event "OPEN A - XVII MIEDZYNARODOWY FESTIWAL SZ"]
[Site "Rewal"]
[Date "2012.??.??"]
[Round "9.8"]
[White "Sowul, Bartosz"]
[Black "Solnicki, Michal"]
[Result "1/2-1/2"]
[WhiteElo "2196"]
[BlackElo "2141"]
[PlyCount "145"]
[EventDate "2012.??.??"]

1. e4 c5 2. Nf3 d6 3. Bb5+ Bd7 4. Bxd7+ Nxd7 5. O-O Ngf6 6. Qe2 e6 7. c3 Be7 8.
d4 O-O 9. Na3 cxd4 10. cxd4 a6 11. Bg5 h6 12. Bh4 b5 13. Rac1 Qb6 14. Rc2 Rfc8
15. Rfc1 Qb7 16. h3 Rxc2 17. Qxc2 g5 18. e5 Ne4 19. Bg3 Nxg3 20. fxg3 dxe5 21.
dxe5 Nb6 22. Qe2 Qd5 23. Nh2 Bf8 24. Ng4 Bg7 25. Rd1 Qc5+ 26. Kh2 Nd5 27. Rf1
Ra7 28. Nb1 Qf8 29. Nd2 Rc7 30. Ne4 Kh8 31. h4 gxh4 32. gxh4 Qd8 33. Kh3 Rc1
34. Nd6 Kg8 35. g3 Rxf1 36. Qxf1 Qc7 37. Ne8 Qc2 38. Nd6 Qg6 39. Qe2 h5 40. Nf2
Bh6 41. Kh2 Bg7 42. Nd3 Kh7 43. a3 Bh6 44. Nf2 Ne3 45. Qf3 Nf5 46. Nxf5 exf5
47. Nd3 Qg4 48. Kg2 Kg7 49. Nf2 Qg6 50. Nd3 Qg4 51. Kf2 Qd4+ 52. Ke2 Qg1 53.
Qf2 Qxf2+ 54. Kxf2 f6 55. b3 fxe5 56. Nxe5 Kf6 57. Nd3 Bf8 58. a4 bxa4 59. bxa4
Ke6 60. Nf4+ Kd6 61. Ke2 Bh6 62. Nxh5 Kc5 63. Kd3 Kb4 64. Nf6 Kxa4 65. g4 fxg4
66. Nxg4 Bg7 67. Kc2 a5 68. h5 Kb4 69. h6 Bd4 70. h7 a4 71. Nf2 a3 72. Nd3+ Kc4
73. Nc1 1/2-1/2

[Event "OPEN A - XVII MIEDZYNARODOWY FESTIWAL SZ"]
[Site "Rewal"]
[Date "2012.??.??"]
[Round "9.9"]
[White "Janus, Przemyslaw"]
[Black "Dowgird, Filip"]
[Result "0-1"]
[WhiteElo "2149"]
[BlackElo "2121"]
[PlyCount "74"]
[EventDate "2012.??.??"]

1. d4 Nf6 2. c4 Nc6 3. Nc3 e5 4. d5 Ne7 5. e4 Ng6 6. Be3 Bb4 7. f3 Bxc3+ 8.
bxc3 d6 9. c5 O-O 10. Bb5 a6 11. Ba4 Nxe4 12. fxe4 Qh4+ 13. Kf1 Qxe4 14. Bc1
Nf4 15. Bxf4 Qxf4+ 16. Ke1 Qe3+ 17. Ne2 Qxc5 18. Bc2 Bd7 19. Qd3 f5 20. a4 g6
21. c4 b5 22. cxb5 axb5 23. Nc3 b4 24. Nd1 e4 25. Qd2 e3 26. Qd3 f4 27. Bb3 Bb5
28. Qc2 Qb6 29. Rc1 Ba6 30. Nb2 f3 31. gxf3 Rxf3 32. Bc4 e2 33. Nd3 Bxc4 34.
Qxc4 Qe3 35. Rc2 Qxd3 36. Qxd3 Rxd3 37. Kxe2 Rxd5 0-1

[Event "OPEN A - XVII MIEDZYNARODOWY FESTIWAL SZ"]
[Site "Rewal"]
[Date "2012.??.??"]
[Round "9.11"]
[White "Orzech, Dominik"]
[Black "Kasparova, Tatiana"]
[Result "1/2-1/2"]
[WhiteElo "2407"]
[BlackElo "2109"]
[PlyCount "43"]
[EventDate "2012.??.??"]

1. e4 c6 2. d4 d5 3. exd5 cxd5 4. c4 Nf6 5. Nc3 g6 6. Qb3 Bg7 7. cxd5 O-O 8.
Be2 Na6 9. Bf3 Qb6 10. Nge2 Qxb3 11. axb3 Nb4 12. O-O Rd8 13. Ra5 a6 14. Bg5 h6
15. Bxf6 Bxf6 16. Rd1 Bf5 17. Ne4 Bxe4 18. Bxe4 b6 19. Ra3 Nxd5 20. Nc3 e6 21.
b4 Be7 22. Bxd5 1/2-1/2

[Event "OPEN A - XVII MIEDZYNARODOWY FESTIWAL SZ"]
[Site "Rewal"]
[Date "2012.??.??"]
[Round "9.12"]
[White "Gabrys, Sebastian"]
[Black "Skawinski, Arkadiusz"]
[Result "0-1"]
[WhiteElo "1790"]
[BlackElo "2311"]
[PlyCount "50"]
[EventDate "2012.??.??"]

1. e4 g6 2. d4 Bg7 3. Nc3 c6 4. Nf3 d5 5. exd5 cxd5 6. Bb5+ Bd7 7. Bxd7+ Qxd7
8. O-O Nf6 9. Ne5 Qd8 10. Bg5 h6 11. Bh4 O-O 12. Re1 Nc6 13. Bg3 Nh5 14. Nxc6
bxc6 15. Bh4 Re8 16. Na4 Qc7 17. c3 e5 18. g4 Nf4 19. dxe5 Rxe5 20. Rxe5 Qxe5
21. Nc5 d4 22. Nd3 Ne2+ 23. Kg2 Qd5+ 24. f3 Re8 25. Nb4 Nf4+ 0-1

[Event "OPEN A - XVII MIEDZYNARODOWY FESTIWAL SZ"]
[Site "Rewal"]
[Date "2012.??.??"]
[Round "9.13"]
[White "Lewtak, Damian"]
[Black "Koitka, Jakub"]
[Result "1/2-1/2"]
[WhiteElo "2269"]
[BlackElo "1973"]
[PlyCount "71"]
[EventDate "2012.??.??"]

1. e4 c5 2. Nf3 d6 3. Bb5+ Bd7 4. Bxd7+ Qxd7 5. O-O Nc6 6. c3 Nf6 7. Re1 e5 8.
d4 Be7 9. Bg5 h6 10. Bxf6 Bxf6 11. dxc5 dxc5 12. Qxd7+ Kxd7 13. Na3 h5 14.
Rad1+ Ke6 15. Rd5 Rad8 16. Red1 Na5 17. Nb5 Rxd5 18. exd5+ Kd7 19. Nxa7 Nc4 20.
Nd2 Nxd2 21. Rxd2 Ra8 22. Nb5 Rxa2 23. Kf1 Bg5 24. Rc2 f5 25. c4 Bf6 26. f3 e4
27. fxe4 fxe4 28. Ke2 Bd4 29. Nxd4 cxd4 30. Rd2 b6 31. h4 Kd6 32. Rxd4 Rxb2+
33. Ke3 Rxg2 34. Rxe4 Kc5 35. Kd3 Rg3+ 36. Re3 1/2-1/2

[Event "OPEN A - XVII MIEDZYNARODOWY FESTIWAL SZ"]
[Site "Rewal"]
[Date "2012.??.??"]
[Round "9.14"]
[White "Karwowski, Kacper"]
[Black "Palosz, Andrzej"]
[Result "1/2-1/2"]
[WhiteElo "1864"]
[BlackElo "2159"]
[PlyCount "140"]
[EventDate "2012.??.??"]

1. e4 c5 2. Nf3 Nc6 3. d4 cxd4 4. Nxd4 g6 5. Nc3 Bg7 6. Nb3 Bxc3+ 7. bxc3 Nf6
8. Bd3 O-O 9. Bh6 Re8 10. Qe2 d5 11. e5 Ng4 12. Bf4 Qc7 13. O-O Ngxe5 14. Bb5
f6 15. Rae1 Qb6 16. Bxe5 fxe5 17. Bxc6 Qxc6 18. Qxe5 e6 19. Re3 Qd7 20. Nd4 Qg7
21. Qd6 Qe7 22. Qe5 Bd7 23. Nf5 Qf8 24. Nd6 Re7 25. Rfe1 b6 26. Rg3 Qg7 27. Nf5
Qxe5 28. Nxe7+ Kf7 29. Rxe5 Kxe7 30. Rge3 Kd6 31. Rg5 Rc8 32. Rh3 Rc4 33. Rgg3
Ra4 34. Rxh7 Rxa2 35. h4 Rxc2 36. Rxg6 a5 37. Rh8 a4 38. Ra8 Rxc3 39. h5 d4 40.
Kf1 Rc5 41. h6 Rh5 42. Ke2 Bc6 43. Ra7 Be4 44. Rg4 Bc2 45. Kd2 Bf5 46. Rxd4+
Kc5 47. Rdxa4 Rxh6 48. g3 e5 49. Ke3 Rd6 50. Re7 Rd3+ 51. Ke2 Rd4 52. g4 b5 53.
gxf5 bxa4 54. f6 Rd8 55. Rxe5+ Kd6 56. Ra5 Ke6 57. Ra6+ Kf7 58. Ke3 Re8+ 59.
Kf3 Re6 60. Rxa4 Kxf6 61. Kg4 Rb6 62. f4 Rb5 63. Ra6+ Kf7 64. Ra4 Rc5 65. Ra7+
Kf6 66. Ra4 Rb5 67. f5 Rb1 68. Ra6+ Kf7 69. Kg5 Rg1+ 70. Kf4 Rf1+ 1/2-1/2

[Event "OPEN A - XVII MIEDZYNARODOWY FESTIWAL SZ"]
[Site "Rewal"]
[Date "2012.??.??"]
[Round "9.15"]
[White "Siedlinski, Piotr"]
[Black "Swiderski, Radoslaw"]
[Result "1/2-1/2"]
[WhiteElo "2092"]
[BlackElo "1934"]
[PlyCount "45"]
[EventDate "2012.??.??"]

1. e4 c5 2. Nf3 d6 3. d4 cxd4 4. Qxd4 Nc6 5. Bb5 Bd7 6. Bxc6 Bxc6 7. Nc3 Nf6 8.
Bg5 e6 9. O-O-O Be7 10. Rhe1 O-O 11. e5 dxe5 12. Qh4 Qc7 13. Nxe5 h6 14. Bxh6
gxh6 15. Qxh6 Nh7 16. f4 Rfd8 17. Nxf7 Rxd1+ 18. Kxd1 Bf8 19. Qg6+ Bg7 20. Nh6+
Kh8 21. Nf7+ Kg8 22. Nh6+ Kh8 23. Nf7+ 1/2-1/2

[Event "OPEN A - XVII MIEDZYNARODOWY FESTIWAL SZ"]
[Site "Rewal"]
[Date "2012.??.??"]
[Round "9.17"]
[White "Warakomska, Anna"]
[Black "Paszewski, Mateusz"]
[Result "1/2-1/2"]
[WhiteElo "2136"]
[BlackElo "2066"]
[PlyCount "51"]
[EventDate "2012.??.??"]

1. e4 g6 2. d4 Bg7 3. Nf3 c6 4. Be2 d5 5. e5 Bg4 6. O-O Nh6 7. Re1 Nf5 8. Nbd2
O-O 9. Nf1 e6 10. Ne3 Nxe3 11. Bxe3 Nd7 12. Qd2 Bxf3 13. Bxf3 Qc7 14. Bh6 c5
15. Bxg7 Kxg7 16. c3 cxd4 17. Qxd4 Rfc8 18. Bd1 Qc5 19. Qf4 Rab8 20. Bb3 b5 21.
Re3 a5 22. Rh3 Nf8 23. Qf6+ Kg8 24. Rf3 Rc7 25. h4 Qe7 26. Qxe7 1/2-1/2

[Event "OPEN A - XVII MIEDZYNARODOWY FESTIWAL SZ"]
[Site "Rewal"]
[Date "2012.??.??"]
[Round "9.20"]
[White "Kamieniecki, Tomasz"]
[Black "Golek, Jagoda"]
[Result "0-1"]
[WhiteElo "1992"]
[BlackElo "2061"]
[PlyCount "66"]
[EventDate "2012.??.??"]

1. d4 d5 2. c4 c6 3. Nc3 Nf6 4. Nf3 e6 5. Bg5 Nbd7 6. e3 a6 7. cxd5 cxd5 8. Bd3
Bd6 9. O-O h6 10. Bh4 b5 11. Rc1 Bb7 12. Re1 O-O 13. Nd2 Qb6 14. f4 Bxf4 15.
Qf3 Bd6 16. g4 g5 17. Bf2 Qd8 18. e4 dxe4 19. Ncxe4 Bf4 20. Rcd1 Bd5 21. b3
Nxe4 22. Bxe4 Nf6 23. Bxd5 Qxd5 24. Qe2 Rac8 25. Nf1 Rc3 26. Ne3 Qd6 27. Kg2
Nd5 28. Nxd5 Qxd5+ 29. Qe4 Qxe4+ 30. Rxe4 Rc2 31. d5 exd5 32. Rxd5 Rxa2 33. h4
Rc8 0-1

[Event "OPEN A - XVII MIEDZYNARODOWY FESTIWAL SZ"]
[Site "Rewal"]
[Date "2012.??.??"]
[Round "9.21"]
[White "Jalowiec, Halina"]
[Black "Lewtak, Dominik"]
[Result "1/2-1/2"]
[WhiteElo "2046"]
[BlackElo "1776"]
[PlyCount "94"]
[EventDate "2012.??.??"]

1. Nf3 Nf6 2. g3 g6 3. Bg2 Bg7 4. c3 O-O 5. d4 d5 6. Nbd2 b6 7. Ne5 Bb7 8. O-O
Nbd7 9. f4 c5 10. Qa4 a6 11. Ndf3 b5 12. Qd1 cxd4 13. cxd4 Ne4 14. Bd2 f6 15.
Nd3 Re8 16. Rc1 Rc8 17. Bh3 Rxc1 18. Qxc1 e6 19. Qc2 Qb6 20. e3 a5 21. a3 Rc8
22. Qb3 f5 23. Rc1 Rxc1+ 24. Nxc1 Nxd2 25. Nxd2 Bxd4 26. Kf2 Bf6 27. Nd3 Nc5
28. Nxc5 Qxc5 29. Bf1 b4 30. axb4 axb4 31. Bd3 Kg7 32. Nf3 Bc6 33. Ne1 d4 34.
Nc2 dxe3+ 35. Ke2 Qd5 36. Qxd5 Bxd5 37. Nxb4 Bb3 38. Kxe3 Bxb2 39. Nc2 Kf6 40.
Ne1 Bd5 41. h4 e5 42. fxe5+ Bxe5 43. Kf2 Bd4+ 44. Ke2 h6 45. Nf3 Bc5 46. Bb5 g5
47. hxg5+ hxg5 1/2-1/2

[Event "OPEN A - XVII MIEDZYNARODOWY FESTIWAL SZ"]
[Site "Rewal"]
[Date "2012.??.??"]
[Round "9.22"]
[White "Starczewska, Dominika"]
[Black "Andrzejewska, Anna"]
[Result "1/2-1/2"]
[WhiteElo "1971"]
[BlackElo "1990"]
[PlyCount "30"]
[EventDate "2012.??.??"]

1. f4 d5 2. g3 Nf6 3. Nf3 e6 4. Bg2 Be7 5. O-O O-O 6. d3 c5 7. Qe1 Nc6 8. c3 b5
9. e4 dxe4 10. dxe4 Qb6 11. Kh1 Bb7 12. e5 Nd5 13. Nbd2 c4 14. Ne4 a5 15. g4
Rfe8 1/2-1/2

[Event "OPEN A - XVII MIEDZYNARODOWY FESTIWAL SZ"]
[Site "Rewal"]
[Date "2012.??.??"]
[Round "9.23"]
[White "Popiol, Michal"]
[Black "Gorol, Jacek"]
[Result "1/2-1/2"]
[WhiteElo "1870"]
[BlackElo "1757"]
[PlyCount "141"]
[EventDate "2012.??.??"]

1. d4 Nf6 2. c4 g6 3. Nc3 Bg7 4. e4 d6 5. Be2 O-O 6. Bg5 Nc6 7. d5 Nb4 8. Qd2
c6 9. Nf3 a5 10. O-O Ng4 11. Rfe1 h6 12. Bf4 Qb6 13. Bf1 g5 14. Bg3 f6 15. Nd4
Ne5 16. Kh1 f5 17. Nxf5 Bxf5 18. exf5 Rxf5 19. Rac1 Raf8 20. f3 Qd8 21. a3 Na6
22. Ne2 c5 23. Nc3 b6 24. b3 Nc7 25. Be2 Qe8 26. Rb1 Qf7 27. Ne4 Ne8 28. Bd1
Ng6 29. Nf2 Nf4 30. Bc2 Re5 31. Nd3 Rxe1+ 32. Rxe1 Nh5 33. Bf2 Bf6 34. Be3 Qg7
35. Qe2 Bc3 36. Bd2 Bxd2 37. Qxd2 Nf4 38. Nxf4 Rxf4 39. Qe3 Kf8 40. g3 Rf6 41.
Rb1 Qf7 42. Kg2 Ng7 43. b4 axb4 44. axb4 Nf5 45. Bxf5 Rxf5 46. bxc5 bxc5 47.
Qd3 Re5 48. Rf1 Kg7 49. f4 gxf4 50. Rxf4 Qg6 51. Qf3 Qc2+ 52. Kh3 Qg6 53. Rg4
Rg5 54. Re4 Qh5+ 55. Qxh5 Rxh5+ 56. Kg4 Rg5+ 57. Kf4 Kf7 58. Re6 Rg6 59. Rxg6
Kxg6 60. g4 Kf6 61. h4 e5+ 62. dxe6 Kxe6 63. g5 hxg5+ 64. hxg5 d5 65. cxd5+
Kxd5 66. Kf5 c4 67. g6 Kd4 68. g7 c3 69. g8=Q c2 70. Qg1+ Kd3 71. Qc1 1/2-1/2

[Event "OPEN A - XVII MIEDZYNARODOWY FESTIWAL SZ"]
[Site "Rewal"]
[Date "2012.??.??"]
[Round "9.24"]
[White "Smal, Tobiasz"]
[Black "Cyboran, Katarzyna"]
[Result "1-0"]
[WhiteElo "1843"]
[BlackElo "1773"]
[PlyCount "49"]
[EventDate "2012.??.??"]

1. e4 c5 2. Nf3 e6 3. d4 cxd4 4. Nxd4 a6 5. Bd3 Nf6 6. O-O d6 7. c4 b6 8. Nc3
Bb7 9. Qe2 Qc7 10. f4 Nbd7 11. Bd2 Be7 12. Rae1 h5 13. Kh1 h4 14. f5 Nc5 15.
fxe6 fxe6 16. b4 Nxd3 17. Qxd3 Kf7 18. Nf3 Rac8 19. e5 dxe5 20. Nxe5+ Kg8 21.
Qh3 Bd6 22. Qxe6+ Kh7 23. Rf4 Bxe5 24. Rxe5 Rce8 25. Rxh4+ 1-0

[Event "OPEN A - XVII MIEDZYNARODOWY FESTIWAL SZ"]
[Site "Rewal"]
[Date "2012.??.??"]
[Round "9.25"]
[White "Malinowski, Damian"]
[Black "Zakrzewski, Marek"]
[Result "0-1"]
[WhiteElo "1827"]
[BlackElo "2121"]
[PlyCount "68"]
[EventDate "2012.??.??"]

1. c4 e5 2. g3 Nc6 3. Bg2 g6 4. Nc3 Bg7 5. e4 d6 6. Nge2 Be6 7. d3 Qd7 8. O-O
Bh3 9. Nd5 O-O-O 10. Nec3 Nd4 11. b4 h5 12. f3 Bxg2 13. Kxg2 h4 14. g4 h3+ 15.
Kh1 f5 16. b5 Nf6 17. Qa4 Kb8 18. Nxf6 Bxf6 19. Nd5 Rdf8 20. Be3 fxg4 21. Bxd4
exd4 22. Nb4 gxf3 23. Nc6+ Kc8 24. Nxa7+ Kd8 25. Rxf3 Qg4 26. Rg3 Qe2 27. b6 c6
28. Nxc6+ bxc6 29. Qxc6 Be5 30. Qc7+ Ke8 31. Qc8+ Ke7 32. Qc7+ Ke6 33. Rxg6+
Rf6 34. Rxf6+ Kxf6 0-1

[Event "OPEN A - XVII MIEDZYNARODOWY FESTIWAL SZ"]
[Site "Rewal"]
[Date "2012.??.??"]
[Round "9.26"]
[White "Bes, Michal"]
[Black "Grabarczyk, Sylwester Piotr"]
[Result "1-0"]
[WhiteElo "1977"]
[BlackElo "1743"]
[PlyCount "51"]
[EventDate "2012.??.??"]

1. e4 g6 2. d4 Bg7 3. Nc3 d6 4. Be3 Nf6 5. f3 O-O 6. Qd2 e5 7. Nge2 Nbd7 8. d5
Nb6 9. Ng3 c5 10. Bh6 Bd7 11. h4 Bxh6 12. Qxh6 Na4 13. Nxa4 Bxa4 14. O-O-O c4
15. Bxc4 Qc7 16. Bd3 a5 17. Kb1 Rfc8 18. Rc1 Ne8 19. h5 Qe7 20. hxg6 fxg6 21.
Qh4 Qg7 22. Rh3 g5 23. Qh6 Rc7 24. Nf5 Qg6 25. Rch1 Rac8 26. b3 1-0